| 000 | 00937nam a2200289 4500 | ||
|---|---|---|---|
| 003 | OSt | ||
| 005 | 20260530115313.0 | ||
| 008 | 260506b204 sp a|||| |||| 00| 0 spa d | ||
| 040 |
_aICI _bspa _cICI |
||
| 041 | _aspa | ||
| 050 |
_aNA687 _b34 2004 |
||
| 100 | 1 |
_aH Kliczkowski Paco Asencio; _933062 |
|
| 245 | 1 | 0 |
_aCafés Arquitectura e Interiores _barquitectura e interiores |
| 260 |
_aBarcelona _c2004 |
||
| 264 | 1 |
_bH Kliczkowski - Onlybook Loft Publications _c2004 |
|
| 300 | _a63 páginas ; | ||
| 336 |
_atexto _2rdacontent |
||
| 337 |
_asin medio _2rdamedia |
||
| 338 |
_avolumen _2rdacarrier |
||
| 502 | _aIncluye referencias bibliográficas e índice | ||
| 650 |
_aCafés Diseño y construcción _xDiseño y construcción _933063 |
||
| 650 | _aArquitectura comercial | ||
| 650 |
_aDiseño de interiores _919717 |
||
| 650 |
_aRestaurantes _xDiseño _933065 |
||
| 650 |
_aEspacios comerciales _xDiseño |
||
| 942 |
_2lcc _cBK _n1 |
||
| 999 |
_c13436 _d13436 |
||